Manažerská psychologie a sociologie /

Salvato in:
Dettagli Bibliografici
Autori principali: Bedrnová, Eva (Autore), Jarošová, Eva (Autore), Nový, Ivan (Autore)
Natura: Libro
Lingua:ceco
Pubblicazione: Praha Management Press 2012
Soggetti:
Tags: Aggiungi Tag
Nessun Tag, puoi essere il primo ad aggiungerne!!

MARC

LEADER 00000nam a22000003a 4500
001 0068661
003 SK-STU
005 20181116103738.3
007 ta
008 181116s ----xo-----e------000-0-----d
020 |a 978-80-7261-239-0 
040 |a STU  |b slo 
041 0 |a cze 
044 |a xr 
100 1 |a Bedrnová, Eva  |4 aut 
245 1 0 |a Manažerská psychologie a sociologie /  |c aut. Eva Bedrnová, Eva Jarošová, Ivan Nový 
260 |a Praha  |b Management Press  |c 2012 
300 |a 616 s. 
650 0 7 |a manažérska psychológia 
650 0 7 |a osobný rozvoj 
700 1 |a Jarošová, Eva  |4 aut 
700 1 |a Nový, Ivan  |4 aut 
996 |b 284M087986  |c M* 14167-1  |l MMKN  |s A  |a 24  |w 0068661_0001